000
00351nam a22001217a 4500
003
SGT
082
_a
891.4309
_b
T10M
100
_a
मित्र, कृष्ण
245
_a
तुम छाया तुम धुप : दोहा संग्रह
260
_b
मुक्त प्रकाशन
_c
2010
300
_a
120
942
_2
ddc
_c
BK
999
_c
31400
_d
31400